000 00872nas a2200277 4500
001 BR0800134
003 BR-BrBNA
005 20231205111447.0
007 ta
008 230509b bl.|||p| |||| 00| 00por d
040 _aBR-BrBNA
_bpor
_cBiblioteca Nacional de Agricultura
041 _a(Pt)
072 _aL72
100 1 _aVieira, L.C.
100 1 _aSpósito Filha, E.
100 1 _aOkada, M.
100 1 _aKaouam, J.M.
100 1 _aDurigon, E.L.
245 1 _aEfeitos do tioglicolato de sódio em cultivos sucessivos de Toxoplasma Gondii (Nicole Manceaux, 1908)em camundongos
650 _aTOXOPLASMOSE
650 _aCAMUNDONGO
650 _aPRODUTO QUÍMICO
773 0 _tArquivos do Instituto Biológico (Brazil)
_xISSN 0020-3653
_g(Jan-Jul 1998), v. 65(1) p. 119-121
_wBR0800134
909 _a202311
_bLúcia
_c55
_dLúcia Elande
942 _2AGRIS
_n0
_cANA
999 _c192854
_d192854